| 000 | 00808nam a2200289Ia 4500 | ||
|---|---|---|---|
| 008 | 170711s9999 xx 000 0 und d | ||
| 020 | _a9780545225427 | ||
| 050 | _a920 | ||
| 050 | _bB873 2010 | ||
| 100 | _aBrooks, Riley | ||
| 245 | _aMega movie stars / | ||
| 245 | _cby Riley Brooks. | ||
| 260 | _aNew York : | ||
| 260 | _bScholastic, | ||
| 260 | _c2010 | ||
| 300 | _a48 pages : | ||
| 300 | _bcolored illustrations ; | ||
| 300 | _c26cm. | ||
| 440 | _aAll access : totally unauthorized. | ||
| 650 | _aMotion picture actors and actresses -- | ||
| 650 | _aMotion picture actors and actresses. | ||
| 650 | _aTelevision actors and actresses -- | ||
| 650 | _xBiography -- Juvenile literature. | ||
| 650 | _xBiography -- Juvenile literature. | ||
| 700 | _aSeries. | ||
| 700 | _aTitle. | ||
| 999 |
_c339962 _d339962 |
||